000
00325nam a22001217a 4500
008
180427b xxu||||| |||| 00| 0 eng d
041
_a
eng
080
_a
043.3
100
_a
0
101
_a
MBE-BTH
245
_a
Strategjia e marketingut dhe efekti i saj në përformancën biznesore në Kosovë
_c
Osmani,A
942
_2
udc
_c
BK
999
_c
45648
_d
45648